8 mots dans mots : écu (mort subite) - Statistiques

Statistiques générales
  • Ce quiz a été pris 26 fois
  • Le résultat moyen est 5 sur 8
Answers on the Grid
Answers color-coded by a green-red scale on the quiz's grid according to % correct below.
pr---utionneusement
r--eillement
mécanographiquement
r---pituler
d---puchonner
supermol---le
d---lotter
contr---rrer
pers---ter
r---lcification
d---ivrer
r---peratrice
hypoth---irement
outr---idance
thermom---nique
reex---er
 
Statistiques - réponses
Réponse % Correct
d---lotter
87%
r---peratrice
87%
pers---ter
73%
supermol---le
73%
d---ivrer
60%
r--eillement
53%
outr---idance
33%
reex---er
27%
Aucun quiz correspondant
Distribution des résultats
% des personnes avec chaque résultat
Percentile par nombre de réponses
Votre historique - résultats
Vous n’avez pas pris ce quiz